00389cam a2200157ua 45000010005000000080039000050400009000440820013000531000022000662450038000882500009001262600044001353000016001796530018001956530018002134007111212n ii |||gr||||Z||||||asm cMAIN a891.45111 aBora, Naba Kumar,11aAmi ashu chaicby Naba Kumar Bora a1st. aBokakhat:bPuwati Sahitya sabha,c2005. a73p:c23cm. aAssamese poem aAmi ashu chai